Zásady národního hospodářství

Guardado en:
Detalles Bibliográficos
Autor principal: Gide, Ch
Formato: Libro
Lenguaje:checo
Publicado: Praha Spolek posluchačů kom. inž. 1932
Etiquetas: Agregar Etiqueta
Sin Etiquetas, Sea el primero en etiquetar este registro!

MARC

LEADER 00000nam a2200000 4500
001 c123199
005 20041019155227.6
041 0 |a cze 
044 |a CZ 
245 1 0 |a Zásady národního hospodářství  |c Ch. Gide 
264 1 |a Praha  |b Spolek posluchačů kom. inž.  |c 1932 
300 |a 482 s. 
100 1 |a Gide, Ch.